| 000 | 00389nam a22001457a 4500 | ||
|---|---|---|---|
| 005 | 20250915144633.0 | ||
| 008 | 250915b |||||||| |||| 00| 0 eng d | ||
| 020 | _a9780825426216 | ||
| 050 |
_aBT751 _b.2 FIN |
||
| 100 | _aFINNEY G. CHARLES | ||
| 245 |
_aSO GREAT SALVATION; _bEVANGELISTIC MESSAGES |
||
| 260 |
_aMICHIGAN _bKREGEL PUBLICATIONS _cc1965 |
||
| 300 | _a128p | ||
| 942 |
_2lcc _cBK _n0 |
||
| 999 |
_c7560 _d7560 |
||